[Event "Czech Open Rapid 2019"]
[Site "Pardubice"]
[Date "2019.07.17"]
[Round "1.35"]
[White "Berdnyk, Mariia"]
[Black "Dev, Shah"]
[Result "1-0"]
[WhiteElo "2247"]
[BlackElo "2147"]
[Annotator "NA"]
[PlyCount "103"]
[EventDate "2019.07.17"]
[EventType "swiss"]
[EventCountry "CZE"]
[SourceTitle "playchess.com"]
[Source "ChessBase"]
[SourceQuality "1"]

1. c4 c6 2. Nf3 d5 3. e3 Nf6 4. b3 e6 5. Bb2 Nbd7 6. d4 Bd6 7. Bd3 b6 8. O-O Bb7 9. Nbd2 O-O 10. e4 dxe4 11. Nxe4 Nxe4 12. Bxe4 f5 13. Bc2 c5 14. Re1 Qe8 15. d5 e5 16. Nxe5 Bxe5 17. Bxe5 Qg6 18. Bb2 Rae8 19. Qf3 Rxe1+ 20. Rxe1 Qg5 21. Qg3 Qxg3 22. hxg3 Rf7 23. Re8+ Nf8 24. Be5 g6 25. Bd6 Kg7 26. Rb8 Ba6 27. Ra8 Nd7 28. Rxa7 Bc8 29. a3 Nf6 30. Ra8 Bb7 31. Rb8 Rd7 32. b4 Ba6 33. Rxb6 Bxc4 34. Be5 Rf7 35. bxc5 Bxd5 36. Rd6 Ba8 37. c6 h6 38. Bb3 Rf8 39. c7 Bb7 40. Rd8 g5 41. Be6 Ba6 42. Rxf8 Kxf8 43. Bxf6 f4 44. gxf4 gxf4 45. c8=Q+ Bxc8 46. Bxc8 Kf7 47. Bh4 Kg6 48. a4 Kh5 49. Bd8 f3 50. a5 fxg2 51. a6 Kg6 52. a7 1-0

[Event "Czech Open Rapid 2019"]
[Site "Pardubice"]
[Date "2019.07.17"]
[Round "1.36"]
[White "Jires, Jiri"]
[Black "Galperin, Platon"]
[Result "0-1"]
[WhiteElo "2096"]
[BlackElo "2445"]
[Annotator "NA"]
[PlyCount "54"]
[EventDate "2019.07.17"]
[EventType "swiss"]
[EventCountry "CZE"]
[SourceTitle "playchess.com"]
[Source "ChessBase"]
[SourceQuality "1"]

1. e4 e6 2. d3 d5 3. Nd2 c5 4. Ngf3 Bd6 5. g3 Nc6 6. Bg2 Nge7 7. O-O O-O 8. Re1 b6 9. Nf1 a5 10. h4 Bc7 11. c4 dxc4 12. dxc4 Ng6 13. b3 Nge5 14. Nxe5 Bxe5 15. Qxd8 Rxd8 16. Rb1 Nb4 17. Bb2 Bxb2 18. Rxb2 Bb7 19. Ree2 a4 20. Rbd2 a3 21. Ne3 Kf8 22. Nd1 Ke7 23. e5 Bxg2 24. Kxg2 Nd3 25. Nc3 Rd7 26. f4 Rad8 27. Nb5 Nxf4+ 0-1

[Event "Czech Open Rapid 2019"]
[Site "Pardubice"]
[Date "2019.07.17"]
[Round "1.36"]
[White "Sreyas Payyappat"]
[Black "Ter-Saakian, Grigorii"]
[Result "0-1"]
[WhiteElo "2072"]
[BlackElo "2338"]
[Annotator "NA"]
[PlyCount "62"]
[EventDate "2019.07.17"]
[EventType "swiss"]
[EventCountry "CZE"]
[SourceTitle "playchess.com"]
[Source "ChessBase"]
[SourceQuality "1"]

1. e4 d5 2. exd5 Qxd5 3. d4 Nf6 4. Nc3 Qd6 5. Nf3 a6 6. Ne5 Nc6 7. Bf4 Bf5 8. Bc4 e6 9. Bg3 Qxd4 10. Nxc6 Qxc4 11. Ne5 Qc5 12. O-O Bd6 13. Re1 O-O 14. Qf3 Qa7 15. Bh4 Bxe5 16. Rxe5 Ng4 17. Re2 f6 18. h3 Ne5 19. Qf4 Ng6 20. Qxc7 Nxh4 21. g4 Nf3+ 22. Kg2 Nd4 23. Rd2 Bg6 24. Rad1 Rac8 25. Qd7 Rcd8 26. Qc7 Be8 27. Kf1 Bc6 28. Ne2 Bb5 29. Qa5 Nc6 30. b3 Bxe2+ 31. Kxe2 Qb6 0-1

[Event "Czech Open Rapid 2019"]
[Site "Pardubice"]
[Date "2019.07.17"]
[Round "1.37"]
[White "Jirovsky, Pavel"]
[Black "Svizensky, Lubos"]
[Result "1-0"]
[WhiteElo "2322"]
[BlackElo "1945"]
[Annotator "NA"]
[PlyCount "73"]
[EventDate "2019.07.17"]
[EventType "swiss"]
[EventCountry "CZE"]
[SourceTitle "playchess.com"]
[Source "ChessBase"]
[SourceQuality "1"]

1. d4 Nf6 2. Nf3 d5 3. c4 c6 4. Qc2 g6 5. e3 Bf5 6. Bd3 Bxd3 7. Qxd3 Bg7 8. Nc3 a6 9. O-O O-O 10. b3 e6 11. Ne5 Nbd7 12. f4 Rc8 13. Bd2 Ne8 14. Rad1 f5 15. Nxd7 Qxd7 16. Na4 Qf7 17. Bb4 Nf6 18. Bxf8 Bxf8 19. Nc5 Ne4 20. Nxe4 fxe4 21. Qe2 Be7 22. Rb1 Kg7 23. b4 b5 24. c5 Ra8 25. a4 Qf5 26. Ra1 h5 27. axb5 cxb5 28. Ra3 h4 29. h3 g5 30. fxg5 Qxg5 31. Rfa1 Kf7 32. Rxa6 Rg8 33. Rf1+ Ke8 34. Qxb5+ Kd8 35. Ra8+ Kc7 36. Qb6+ Kd7 37. Qb7# 1-0

[Event "Czech Open Rapid 2019"]
[Site "Pardubice"]
[Date "2019.07.17"]
[Round "1.38"]
[White "Korchagin, Oleg"]
[Black "Piesik, Piotr"]
[Result "0-1"]
[WhiteElo "2056"]
[BlackElo "2421"]
[Annotator "NA"]
[PlyCount "50"]
[EventDate "2019.07.17"]
[EventType "swiss"]
[EventCountry "CZE"]
[SourceTitle "playchess.com"]
[Source "ChessBase"]
[SourceQuality "1"]

1. d4 c5 2. d5 e5 3. e4 d6 4. Nc3 Be7 5. Nf3 Bg4 6. h3 Bxf3 7. Qxf3 a6 8. a4 Bg5 9. Qg4 Bxc1 10. Rxc1 Kf8 11. Be2 Ne7 12. O-O Ng6 13. g3 h5 14. Qf5 h4 15. Bh5 Rh6 16. f4 Nd7 17. Rce1 hxg3 18. Re3 exf4 19. Bxg6 Rxg6 20. Rxf4 Ne5 21. Ne2 Kg8 22. Kg2 Rg5 23. Nxg3 Rxf5 24. Nxf5 Qg5+ 25. Rg4 Nxg4 0-1

[Event "Czech Open Rapid 2019"]
[Site "Pardubice"]
[Date "2019.07.17"]
[Round "1.39"]
[White "Movsesian, Julia"]
[Black "Babicka, Michal"]
[Result "0-1"]
[WhiteElo "2291"]
[BlackElo "2005"]
[Annotator "NA"]
[PlyCount "74"]
[EventDate "2019.07.17"]
[EventType "swiss"]
[EventCountry "CZE"]
[SourceTitle "playchess.com"]
[Source "ChessBase"]
[SourceQuality "1"]

1. e4 c5 2. Nf3 d6 3. Nc3 a6 4. d4 cxd4 5. Nxd4 Nf6 6. g3 e5 7. Nb3 Be7 8. Bg2 O-O 9. O-O b5 10. a3 Be6 11. h3 Nbd7 12. g4 Nb6 13. Bg5 Nfd7 14. Bxe7 Qxe7 15. Ne2 Nc4 16. Rb1 h5 17. gxh5 Qh4 18. Ng3 Bxh3 19. Nd2 Ne3 20. Nf3 Qg4 21. fxe3 Qxg3 22. Qe2 Nf6 23. Ne1 Ng4 24. Nf3 Nxe3 25. Rf2 Nxg2 26. Rxg2 Qxg2+ 27. Qxg2 Bxg2 28. Kxg2 Rac8 29. c3 f5 30. Ng5 fxe4 31. Nxe4 d5 32. Ng3 d4 33. Ne4 Rf4 34. Re1 Rcf8 35. cxd4 exd4 36. b4 R8f5 37. Ng3 Rg5 0-1

[Event "Czech Open Rapid 2019"]
[Site "Pardubice"]
[Date "2019.07.17"]
[Round "1.40"]
[White "Nemec, Jachym"]
[Black "Hagarova, Zuzana"]
[Result "0-1"]
[WhiteElo "1927"]
[BlackElo "2294"]
[Annotator "NA"]
[PlyCount "62"]
[EventDate "2019.07.17"]
[EventType "swiss"]
[EventCountry "CZE"]
[SourceTitle "playchess.com"]
[Source "ChessBase"]
[SourceQuality "1"]

1. e4 c5 2. Nf3 Nc6 3. d4 cxd4 4. Nxd4 e5 5. Nb5 d6 6. N1c3 a6 7. Na3 Be7 8. Nd5 Be6 9. Be3 Bxd5 10. exd5 Nb8 11. Be2 f5 12. f3 Nd7 13. O-O Ngf6 14. c3 O-O 15. Qb3 Nh5 16. Nc2 Qc7 17. a4 Rae8 18. a5 Bh4 19. Ra4 f4 20. Bb6 Nxb6 21. Qxb6 Qe7 22. Bd3 Bg3 23. hxg3 fxg3 24. Rd1 Nf4 25. Rxf4 exf4 26. Be4 Qh4 27. Kf1 Rxe4 28. fxe4 f3 29. gxf3 Rxf3+ 30. Ke2 Qxe4+ 31. Ne3 Rf2+ 0-1

[Event "Czech Open Rapid 2019"]
[Site "Pardubice"]
[Date "2019.07.17"]
[Round "1.41"]
[White "Novotny, Michal"]
[Black "Morozov, Mikhail M."]
[Result "0-1"]
[WhiteElo "2280"]
[BlackElo "1997"]
[Annotator "NA"]
[PlyCount "138"]
[EventDate "2019.07.17"]
[EventType "swiss"]
[EventCountry "CZE"]
[SourceTitle "playchess.com"]
[Source "ChessBase"]
[SourceQuality "1"]

1. d4 e6 2. e4 d5 3. Nd2 dxe4 4. Nxe4 Bd7 5. Nf3 Bc6 6. Bd3 Nd7 7. O-O Ngf6 8. Ng3 Bxf3 9. Qxf3 c6 10. b3 Be7 11. Bb2 O-O 12. c4 Re8 13. Rad1 Qa5 14. Bb1 Bf8 15. Rfe1 Rac8 16. Re3 b5 17. c5 Nd5 18. Re4 N7f6 19. Rh4 g6 20. Ne4 Nxe4 21. Bxe4 Qc7 22. Bc1 Bg7 23. Qh3 Nf6 24. Bf4 Qd7 25. Bc2 h5 26. Be5 Rcd8 27. Re1 Qe7 28. Bd6 Rxd6 29. cxd6 Qxd6 30. Qd3 Rd8 31. Qc3 a6 32. Qa5 Ng4 33. Bd1 Qxd4 34. Bxg4 hxg4 35. Rxg4 Qd2 36. Qxd2 Rxd2 37. a4 Bd4 38. Rf1 e5 39. axb5 axb5 40. h4 Kg7 41. h5 c5 42. hxg6 fxg6 43. Re4 c4 44. bxc4 bxc4 45. Kh2 c3 46. Rb1 Rxf2 47. Rb7+ Kf6 48. Kg3 Rf1 49. Rc7 Bf2+ 50. Kg4 Bd4 51. Re2 Rf5 52. Rc6+ Kf7 53. Ra2 Rf4+ 54. Kg5 Rf5+ 55. Kg4 Rf4+ 56. Kh3 Rf5 57. g3 Kg7 58. Kg4 Kh6 59. Raa6 Rg5+ 60. Kf3 Rf5+ 61. Ke4 Rg5 62. Kf3 Rf5+ 63. Kg2 Rg5 64. Ra8 Rf5 65. Rg8 Rg5 66. Rc7 Rf5 67. Rc6 Rg5 68. Rf8 e4 69. Rf4 Be5 0-1

[Event "Czech Open Rapid 2019"]
[Site "Pardubice"]
[Date "2019.07.17"]
[Round "1.42"]
[White "Gagare, Shalmali"]
[Black "Vavra, Pavel"]
[Result "0-1"]
[WhiteElo "2058"]
[BlackElo "2367"]
[Annotator "NA"]
[PlyCount "64"]
[EventDate "2019.07.17"]
[EventType "swiss"]
[EventCountry "CZE"]
[SourceTitle "playchess.com"]
[Source "ChessBase"]
[SourceQuality "1"]

1. c4 c6 2. d4 d5 3. Nc3 e6 4. e3 f5 5. Bd3 Nf6 6. Qc2 a6 7. Nge2 Bd6 8. f3 O-O 9. O-O Qc7 10. g3 dxc4 11. Bxc4 b5 12. Bd3 c5 13. dxc5 Bxc5 14. Kg2 Bb7 15. Nf4 Qf7 16. Nxb5 Nbd7 17. Nc7 Rac8 18. Ncxe6 Bd6 19. Qb3 Rb8 20. Qd1 Bxf4 21. Nxf8 Be5 22. Nxd7 Nxd7 23. Qe2 Bd5 24. e4 Be6 25. f4 Bd4 26. exf5 Bd5+ 27. Rf3 Nc5 28. Bc2 Re8 29. Qd1 Qb7 30. Bb3 Nxb3 31. axb3 Bxf3+ 32. Qxf3 Re2+ 0-1

[Event "Czech Open Rapid 2019"]
[Site "Pardubice"]
[Date "2019.07.17"]
[Round "2.1"]
[White "Turner, Jan"]
[Black "Movsesian, Sergei"]
[Result "0-1"]
[WhiteElo "2342"]
[BlackElo "2659"]
[Annotator "TA"]
[PlyCount "108"]
[EventDate "2019.07.17"]
[EventType "swiss"]
[EventCountry "CZE"]
[SourceTitle "playchess.com"]
[Source "ChessBase"]
[SourceQuality "1"]

1. c4 e5 2. g3 Nc6 3. Bg2 Bc5 4. Nc3 Nf6 5. e3 O-O 6. Nge2 a6 7. O-O Ba7 8. d4 d6 9. h3 Bd7 10. Kh2 Rb8 11. a3 b5 12. cxb5 axb5 13. b4 Re8 14. Qd3 h6 15. Bb2 exd4 16. exd4 Ne7 17. Rac1 Bf5 18. Qd2 Qd7 19. Nf4 d5 20. Rfe1 c6 21. Nce2 Ne4 22. Qe3 Nc8 23. Nc3 Ncd6 24. Nxe4 Bxe4 25. Qc3 Bxg2 26. Kxg2 Nc4 27. Nd3 Qf5 28. Nc5 Rbd8 29. Ba1 f6 30. Nb7 Rc8 31. Na5 Re4 32. Nxc4 dxc4 33. Qf3 Qxf3+ 34. Kxf3 Rxe1 35. Rxe1 Kf7 36. a4 bxa4 37. Rc1 Ke6 38. Rxc4 Kd5 39. Rc2 Rb8 40. Bc3 Kc4 41. Ba1+ Kb5 42. d5 cxd5 43. Rc7 Bb6 44. Rxg7 d4 45. Rf7 a3 46. Rxf6 Re8 47. Rxb6+ Kxb6 48. Bxd4+ Kb5 49. g4 Kxb4 50. h4 Kc4 51. Bg7 Rg8 52. Ba1 Kd5 53. Kg3 a2 54. f4 h5 0-1

[Event "Czech Open Rapid 2019"]
[Site "Pardubice"]
[Date "2019.07.17"]
[Round "2.1"]
[White "Varitski, Igor"]
[Black "Cerveny, Martin"]
[Result "1/2-1/2"]
[WhiteElo "2199"]
[BlackElo "2351"]
[Annotator "NA"]
[PlyCount "78"]
[EventDate "2019.07.17"]
[EventType "swiss"]
[EventCountry "CZE"]
[SourceTitle "playchess.com"]
[Source "ChessBase"]
[SourceQuality "1"]

1. e4 c5 2. c3 Nf6 3. e5 Nd5 4. d4 cxd4 5. cxd4 d6 6. Nf3 e6 7. Nc3 Nxc3 8. bxc3 Nc6 9. exd6 Bxd6 10. Bd3 Qa5 11. Bd2 Qh5 12. h3 Bd7 13. g4 Qa5 14. c4 Qc7 15. Rb1 h5 16. g5 g6 17. Bc3 O-O 18. Nh4 Ne7 19. Qf3 Bc6 20. d5 Be5 21. dxc6 Bxc3+ 22. Kf1 Nxc6 23. Bxg6 fxg6 24. Qxc3 Qf4 25. Qc2 Qf7 26. Qxg6+ Qxg6 27. Nxg6 Rf7 28. Re1 Nd4 29. Re4 Rd8 30. Kg2 Rg7 31. Rd1 Rxg6 32. Rexd4 Rxg5+ 33. Kf3 Rf8+ 34. Rf4 Rxf4+ 35. Kxf4 Rc5 36. Rd7 Rxc4+ 37. Ke5 Rc2 38. f4 Rxa2 39. Rxb7 Re2+ 1/2-1/2

[Event "Czech Open Rapid 2019"]
[Site "Pardubice"]
[Date "2019.07.17"]
[Round "2.2"]
[White "Potapov, Pavel"]
[Black "Frolov, Artur"]
[Result "1-0"]
[WhiteElo "2577"]
[BlackElo "2338"]
[Annotator "ChessBase"]
[PlyCount "58"]
[EventDate "2019.07.17"]
[EventType "swiss"]
[EventCountry "CZE"]
[SourceTitle "playchess.com"]
[Source "ChessBase"]
[SourceQuality "1"]

1. e4 c5 2. c3 d5 3. exd5 Qxd5 4. d4 Nc6 5. Nf3 Nf6 6. Be3 cxd4 7. cxd4 e6 8. Nc3 Qd8 9. Bd3 Be7 10. O-O O-O 11. a3 b6 12. Qe2 Bb7 13. Rad1 Rc8 14. Bb1 Nd5 15. Qd3 g6 16. Ne4 Nxe3 17. Qxe3 Na5 18. Qh6 Bxe4 19. Bxe4 Nc4 20. b3 Nd6 21. Bb1 Rc3 22. d5 Nf5 23. Bxf5 exf5 24. d6 Bf6 25. d7 Rc7 26. Qd2 Qb8 27. Rfe1 Rd8 28. Qd6 Kg7 29. Re8 Kh6 1-0

[Event "Czech Open Rapid 2019"]
[Site "Pardubice"]
[Date "2019.07.17"]
[Round "2.2"]
[White "Blatny, Pavel"]
[Black "Ptacnikova, Lenka"]
[Result "1-0"]
[WhiteElo "2321"]
[BlackElo "2074"]
[Annotator "NA"]
[PlyCount "81"]
[EventDate "2019.07.17"]
[EventType "swiss"]
[EventCountry "CZE"]
[SourceTitle "playchess.com"]
[Source "ChessBase"]
[SourceQuality "1"]

1. e3 c5 2. b3 Nc6 3. Bb2 e6 4. f4 d5 5. Nf3 Nf6 6. Be2 Be7 7. O-O b6 8. Ne5 Bb7 9. Bf3 Qc7 10. Qe2 O-O 11. g4 Nd7 12. Nxc6 Bxc6 13. Qg2 Rac8 14. Nc3 d4 15. Ne4 e5 16. f5 f6 17. d3 dxe3 18. Bc1 Nb8 19. Bxe3 Be8 20. Nc3 Bf7 21. h4 Nc6 22. g5 Nd4 23. Be4 Rfd8 24. Kh1 Be8 25. Rg1 Qd6 26. Nd5 Rd7 27. Raf1 Bh5 28. Rf2 a6 29. a4 Rf8 30. Rb1 fxg5 31. hxg5 Bd8 32. Rbf1 Bf7 33. c4 b5 34. axb5 axb5 35. Qh3 Kh8 36. Rh2 Bg8 37. g6 Nxb3 38. Rff2 bxc4 39. Qxh7+ Bxh7 40. Rxh7+ Kg8 41. Rfh2 1-0

[Event "Czech Open Rapid 2019"]
[Site "Pardubice"]
[Date "2019.07.17"]
[Round "2.3"]
[White "Galperin, Platon"]
[Black "Vorobiov, Evgeny E."]
[Result "1-0"]
[WhiteElo "2335"]
[BlackElo "2572"]
[Annotator "ChessBase"]
[PlyCount "87"]
[EventDate "2019.07.17"]
[EventType "swiss"]
[EventCountry "CZE"]
[SourceTitle "playchess.com"]
[Source "ChessBase"]
[SourceQuality "1"]

1. c4 c5 2. Nf3 g6 3. d4 cxd4 4. Nxd4 Nc6 5. e4 d6 6. Nc3 Bg7 7. Be3 Qb6 8. Nb3 Bxc3+ 9. bxc3 Qc7 10. c5 dxc5 11. Bxc5 Nf6 12. f3 O-O 13. Be2 b6 14. Be3 Ne5 15. O-O Be6 16. Bd4 Rfd8 17. Qc1 Nc6 18. Bf2 Nh5 19. Nd4 Bd7 20. Be3 Na5 21. Nb3 Nc4 22. Bd4 Rac8 23. f4 Ng7 24. f5 f6 25. fxg6 hxg6 26. Qh6 Kf7 27. Bxf6 exf6 28. Rxf6+ Kxf6 29. Rf1+ Nf5 30. exf5 Bxf5 31. g4 Rd5 32. gxf5 Rxf5 33. Rxf5+ Kxf5 34. Bd3+ Ke5 35. Qg5+ Kd6 36. Qxg6+ Kd5 37. Be4+ Ke5 38. Nd4 Rg8 39. Qxg8 Kxe4 40. Qg6+ Ke3 41. Qe6+ Ne5 42. Qh3+ Ke4 43. Qg2+ Kd3 44. Qe2+ 1-0

[Event "Czech Open Rapid 2019"]
[Site "Pardubice"]
[Date "2019.07.17"]
[Round "2.3"]
[White "Lederman, Leon"]
[Black "Simacek, Pavel"]
[Result "1/2-1/2"]
[WhiteElo "2238"]
[BlackElo "2490"]
[Annotator "ChessBase"]
[PlyCount "97"]
[EventDate "2019.07.17"]
[EventType "swiss"]
[EventCountry "CZE"]
[SourceTitle "playchess.com"]
[Source "ChessBase"]
[SourceQuality "1"]

1. e4 e5 2. Nf3 Nc6 3. Bb5 Nf6 4. d3 Bd6 5. O-O a6 6. Ba4 O-O 7. c3 Re8 8. Nbd2 b5 9. Bb3 h6 10. Re1 Ne7 11. d4 Ng6 12. dxe5 Bxe5 13. Nxe5 Nxe5 14. Nf1 Ng6 15. Ng3 Bb7 16. f3 d5 17. exd5 Rxe1+ 18. Qxe1 Bxd5 19. Be3 Bxb3 20. axb3 Qd5 21. b4 Re8 22. Qf2 Qd3 23. Bd4 Nd5 24. Re1 Re6 25. Ne4 Ngf4 26. Qf1 Qc2 27. g3 Ng6 28. Nc5 Re7 29. Rxe7 Ngxe7 30. Qf2 Qd1+ 31. Kg2 Nf5 32. Nxa6 Qd3 33. Nc5 Nfe3+ 34. Bxe3 Nxe3+ 35. Kh3 Qf5+ 36. g4 Nxg4 37. Qe2 Ne5+ 38. Kg2 c6 39. Qe4 Qg5+ 40. Kf2 Qd2+ 41. Kg3 f6 42. f4 Nc4 43. Qxc6 Qe1+ 44. Kh3 Qf1+ 45. Qg2 Qxf4 46. Qxg7+ Kxg7 47. Ne6+ Kf7 48. Nxf4 Nxb2 49. Kg4 1/2-1/2

[Event "Czech Open Rapid 2019"]
[Site "Pardubice"]
[Date "2019.07.17"]
[Round "2.4"]
[White "Geller, Jakov"]
[Black "Jirovsky, Pavel"]
[Result "1-0"]
[WhiteElo "2559"]
[BlackElo "2332"]
[Annotator "ChessBase"]
[PlyCount "53"]
[EventDate "2019.07.17"]
[EventType "swiss"]
[EventCountry "CZE"]
[SourceTitle "playchess.com"]
[Source "ChessBase"]
[SourceQuality "1"]

1. e4 d5 2. exd5 Qxd5 3. Nc3 Qd6 4. d4 Nf6 5. Nf3 c6 6. Ne5 Nbd7 7. Nc4 Qc7 8. Qf3 Nb6 9. Bf4 Qd7 10. Nxb6 axb6 11. O-O-O Qg4 12. Qe3 Qe6 13. Qd2 Ne4 14. Nxe4 Qxe4 15. Bc4 b5 16. Bb3 Be6 17. Rhe1 Qxg2 18. Rxe6 fxe6 19. Bxe6 Rd8 20. Bc7 Qe4 21. d5 Rxd5 22. Bxd5 Qxd5 23. Qf4 g5 24. Qg4 h5 25. Qc8+ Kf7 26. Rxd5 cxd5 27. Qf5+ 1-0

[Event "Czech Open Rapid 2019"]
[Site "Pardubice"]
[Date "2019.07.17"]
[Round "2.4"]
[White "Matviishen, Viktor"]
[Black "Escobar Medina, Andres F"]
[Result "1-0"]
[WhiteElo "2495"]
[BlackElo "2296"]
[Annotator "ChessBase"]
[PlyCount "83"]
[EventDate "2019.07.17"]
[EventType "swiss"]
[EventCountry "CZE"]
[SourceTitle "playchess.com"]
[Source "ChessBase"]
[SourceQuality "1"]

1. d4 d5 2. c4 dxc4 3. e4 Nf6 4. e5 Nd5 5. Bxc4 Nc6 6. Ne2 Be6 7. Na3 Qd7 8. O-O O-O-O 9. f4 f5 10. Bd2 Nb6 11. Bb5 a6 12. Bxc6 Qxc6 13. Rc1 Qe4 14. Ba5 Bd5 15. Rf3 Bc6 16. Bxb6 cxb6 17. Nc2 Qd5 18. Nb4 Qb5 19. Rb3 Qa4 20. Nc3 Qa5 21. Nxc6 bxc6 22. Ra3 Qb4 23. Ra4 Qxb2 24. Rc2 Qxc2 25. Qxc2 Kb7 26. Qxf5 b5 27. Rb4 e6 28. Qf7+ Kb6 29. Na4+ Ka5 30. Qc7+ Kxb4 31. Qxd8 Kxa4 32. f5 exf5 33. e6 c5 34. d5 c4 35. e7 Bxe7 36. Qxh8 Ka3 37. Qxg7 Bc5+ 38. Kf1 Kxa2 39. Qc3 Ba3 40. d6 Bxd6 41. Qd2+ Kb1 42. Qxd6 1-0

[Event "Czech Open Rapid 2019"]
[Site "Pardubice"]
[Date "2019.07.17"]
[Round "2.5"]
[White "Piesik, Piotr"]
[Black "Plat, Vojtech"]
[Result "1-0"]
[WhiteElo "2332"]
[BlackElo "2547"]
[Annotator "ChessBase"]
[PlyCount "177"]
[EventDate "2019.07.17"]
[EventType "swiss"]
[EventCountry "CZE"]
[SourceTitle "playchess.com"]
[Source "ChessBase"]
[SourceQuality "1"]

1. Nf3 d6 2. d4 Bg4 3. e4 c6 4. Nbd2 Nd7 5. Be2 g6 6. h3 Bxf3 7. Nxf3 Bg7 8. O-O Ngf6 9. e5 Nd5 10. exd6 exd6 11. Bc4 O-O 12. Bxd5 cxd5 13. Re1 Nb6 14. Bg5 Qd7 15. Re7 Qc6 16. c3 Rfe8 17. Rxe8+ Rxe8 18. Qb3 h6 19. Bf4 Re4 20. Bd2 Nc4 21. Rd1 g5 22. Bc1 g4 23. hxg4 Rxg4 24. Re1 Qd7 25. Qd1 Nb6 26. Nh2 Rg6 27. Re2 Qf5 28. Qc2 Qh5 29. Nf1 Re6 30. Ng3 Qg4 31. Kf1 h5 32. Re1 Rf6 33. Re8+ Bf8 34. Qd3 Re6 35. Rb8 Nd7 36. Rxb7 Nf6 37. Qf3 Qxf3 38. gxf3 h4 39. Nf5 h3 40. Be3 Nh5 41. Kg1 Rf6 42. Nh4 Bh6 43. Kh2 Nf4 44. Bxf4 Rxf4 45. Kxh3 Bg5 46. Ng2 Rxf3+ 47. Kg4 Rxf2 48. Kxg5 Rxg2+ 49. Kf6 Rf2+ 50. Ke7 Re2+ 51. Kxd6 f5 52. Kxd5 f4 53. c4 Re8 54. Rb3 Re3 55. c5 Rxb3 56. axb3 f3 57. c6 f2 58. c7 f1=Q 59. c8=Q+ Kg7 60. Qc7+ Kg6 61. Qxa7 Qb5+ 62. Kd6 Qxb3 63. Qa3 Qb8+ 64. Kd5 Qb5+ 65. Ke6 Qb6+ 66. Ke5 Kf7 67. Qf3+ Ke7 68. Qa3+ Kf7 69. d5 Qf6+ 70. Ke4 Qg6+ 71. Kd4 Qg4+ 72. Kc3 Qg3+ 73. Kc4 Qf4+ 74. Kb3 Qf3+ 75. Ka2 Qf1 76. Qa4 Kg6 77. Qc6+ Kh7 78. d6 Qf7+ 79. b3 Qa7+ 80. Kb2 Qd4+ 81. Ka3 Qa1+ 82. Kb4 Qd4+ 83. Kb5 Qd3+ 84. Ka4 Qd4+ 85. b4 Qd1+ 86. Ka5 Qa1+ 87. Kb6 Qd4+ 88. Qc5 Qd3 89. d7 1-0

[Event "Czech Open Rapid 2019"]
[Site "Pardubice"]
[Date "2019.07.17"]
[Round "2.5"]
[White "Sysolyatin, Evgeny"]
[Black "Pechac, Jergus"]
[Result "0-1"]
[WhiteElo "2271"]
[BlackElo "2469"]
[Annotator "ChessBase"]
[PlyCount "98"]
[EventDate "2019.07.17"]
[EventType "swiss"]
[EventCountry "CZE"]
[SourceTitle "playchess.com"]
[Source "ChessBase"]
[SourceQuality "1"]

1. e4 e5 2. Nf3 Nc6 3. Nc3 Nf6 4. d4 Bb4 5. Nxe5 Nxe4 6. Qf3 Nd6 7. Be3 Qe7 8. Qf4 f6 9. Nxc6 dxc6 10. Bd3 Be6 11. O-O g5 12. Qg3 Bxc3 13. bxc3 O-O-O 14. f4 g4 15. f5 Bd5 16. Bf4 h5 17. Bxd6 Rxd6 18. c4 Bf7 19. Qf4 Rdd8 20. c5 h4 21. Rfe1 Qd7 22. c3 Bd5 23. Re3 Rde8 24. Rae1 Bxa2 25. Ra1 Qd5 26. Rxe8+ Rxe8 27. Qd2 Bc4 28. Rxa7 Kd7 29. Ra1 h3 30. Bxc4 Qxc4 31. Re1 hxg2 32. Kxg2 Qd5+ 33. Kg1 Rxe1+ 34. Qxe1 Qxf5 35. Qe3 Qe6 36. Qd3 Qe1+ 37. Kg2 Ke6 38. c4 f5 39. d5+ Kf6 40. d6 cxd6 41. cxd6 Qe4+ 42. Qxe4 fxe4 43. c5 Ke6 44. Kf2 b6 45. cxb6 Kxd6 46. Ke3 c5 47. Kxe4 Kc6 48. Kf4 c4 49. Ke4 Kxb6 0-1

[Event "Czech Open Rapid 2019"]
[Site "Pardubice"]
[Date "2019.07.17"]
[Round "2.6"]
[White "Petr, Martin"]
[Black "Shcherbin, Matvei"]
[Result "1/2-1/2"]
[WhiteElo "2540"]
[BlackElo "2321"]
[Annotator "ChessBase"]
[PlyCount "87"]
[EventDate "2019.07.17"]
[EventType "swiss"]
[EventCountry "CZE"]
[SourceTitle "playchess.com"]
[Source "ChessBase"]
[SourceQuality "1"]

1. e4 c5 2. Be2 Nc6 3. f4 g6 4. Nf3 Bg7 5. d3 e6 6. O-O Nge7 7. c3 O-O 8. Qe1 d5 9. Kh1 c4 10. e5 cxd3 11. Bxd3 f6 12. exf6 Bxf6 13. Be3 Nf5 14. Nbd2 Re8 15. Bxf5 exf5 16. Qf2 b6 17. Nd4 Na5 18. Rfe1 Nc4 19. Nxc4 dxc4 20. Rad1 Qd7 21. Nf3 Qf7 22. Bd4 Bb7 23. Bxf6 Bxf3 24. Qxf3 Qxf6 25. Qd5+ Qf7 26. Qxf7+ Kxf7 27. Rd7+ Kf6 28. Red1 Re7 29. Kg1 Rc8 30. Kf2 Rc7 31. Rd8 Re4 32. R1d4 Rxd4 33. Rxd4 Ke6 34. Ke3 Rc5 35. a4 b5 36. Kd2 a6 37. axb5 axb5 38. Ke3 Rd5 39. h3 Kd6 40. Rxd5+ Kxd5 41. Kf3 h5 42. h4 Kc5 43. Ke3 Kd5 44. Kf3 1/2-1/2

[Event "Czech Open Rapid 2019"]
[Site "Pardubice"]
[Date "2019.07.17"]
[Round "2.6"]
[White "Vykouk, Jan"]
[Black "Berdnyk, Mariia"]
[Result "1-0"]
[WhiteElo "2453"]
[BlackElo "2247"]
[Annotator "ChessBase"]
[PlyCount "69"]
[EventDate "2019.07.17"]
[EventType "swiss"]
[EventCountry "CZE"]
[SourceTitle "playchess.com"]
[Source "ChessBase"]
[SourceQuality "1"]

1. e4 c5 2. Nf3 d6 3. d4 cxd4 4. Nxd4 Nf6 5. Nc3 g6 6. Be3 Bg7 7. f3 O-O 8. Qd2 Nc6 9. Bc4 Bd7 10. h4 h5 11. O-O-O Rc8 12. Bb3 Ne5 13. Bg5 Nc4 14. Bxc4 Rxc4 15. Nb3 Be6 16. e5 Nh7 17. Bh6 Bxe5 18. Bxf8 Qxf8 19. Kb1 Qg7 20. Nd5 Bxb2 21. Nxe7+ Kh8 22. Qxd6 Nf6 23. Rhe1 Nd7 24. Rxe6 fxe6 25. Qxd7 Ba3 26. Nxg6+ Qxg6 27. Qd8+ Qg8 28. Qf6+ Qg7 29. Qd8+ Qg8 30. Qa5 Qg6 31. Qe5+ Kg8 32. Rd3 Rxh4 33. Qb8+ Bf8 34. Rd8 Qg7 35. Rxf8+ 1-0

[Event "Czech Open Rapid 2019"]
[Site "Pardubice"]
[Date "2019.07.17"]
[Round "2.7"]
[White "Hagarova, Zuzana"]
[Black "Stocek, Jiri"]
[Result "0-1"]
[WhiteElo "2326"]
[BlackElo "2539"]
[Annotator "ChessBase"]
[PlyCount "68"]
[EventDate "2019.07.17"]
[EventType "swiss"]
[EventCountry "CZE"]
[SourceTitle "playchess.com"]
[Source "ChessBase"]
[SourceQuality "1"]

1. Nf3 Nf6 2. g3 d5 3. Bg2 Bf5 4. O-O e6 5. d3 h6 6. Nfd2 Bh7 7. e4 Nc6 8. Nc3 Bb4 9. Re1 dxe4 10. Ndxe4 Nxe4 11. dxe4 Qxd1 12. Rxd1 Ke7 13. Bf4 Bxc3 14. bxc3 e5 15. Be3 Rhd8 16. Kf1 f6 17. Bc5+ Ke8 18. f3 b6 19. Ba3 Bg8 20. Ke1 Na5 21. Bf1 c5 22. Bc1 Rxd1+ 23. Kxd1 Rd8+ 24. Ke1 Bc4 25. Bh3 Ke7 26. Be3 Be6 27. Bf1 f5 28. a3 fxe4 29. fxe4 Bg4 30. Rb1 Bf3 31. Rb5 Nb7 32. a4 Bxe4 33. a5 Bc6 34. Rb1 Nxa5 0-1